[Event "Quebec op"]
[Site "Montreal CAN"]
[Date "1997.07.31"]
[Round "7"]
[White "Guevremont, Grant"]
[Black "McDonough, Jonathan"]
[Result "0-1"]
[WhiteElo "1940"]
[BlackElo "1898"]
[PlyCount "86"]
[GameId "2160767911932421"]
[EventDate "1997.07.26"]
[EventType "swiss"]
[EventRounds "9"]
[EventCountry "CAN"]
[SourceTitle "EXT 97"]
[Source "ChessBase"]
[SourceDate "1997.11.17"]
[SourceVersion "1"]
[SourceVersionDate "1997.11.17"]
[SourceQuality "1"]

1. e4 c5 2. Nc3 e6 3. Nf3 Nc6 4. d3 d5 5. g3 Nf6 6. Bg5 Be7 7. Bg2 h6 8. Bxf6 Bxf6 9. O-O a6 10. exd5 exd5 11. Re1+ Be6 12. Bh3 O-O 13. Bxe6 fxe6 14. Rxe6 Qd7 15. Re1 Nd4 16. Nd2 b5 17. a3 Rac8 18. Rb1 Rc6 19. Ne2 h5 20. c3 Ne6 21. Kg2 Qf7 22. Rf1 h4 23. Ng1 Qg6 24. Ngf3 Nf4+ 25. Kh1 Nxd3 26. Ne1 hxg3 27. hxg3 Qh7+ 28. Kg2 Nxe1+ 29. Rxe1 Qf5 30. Nf3 d4 31. Rc1 Rd6 32. Qe2 d3 33. Qe4 Bg5 34. Qxf5 Rxf5 35. Ra1 Bd8 36. Re5 Rxe5 37. Nxe5 c4 38. f4 Bf6 39. Kf3 Bxe5 40. fxe5 Rg6 41. Re1 Kf7 42. Kf4 Ke6 43. g4 Rh6 0-1

[Event "Quebec op"]
[Site "Montreal CAN"]
[Date "1997.07.31"]
[Round "7"]
[White "Ibrahim, Anthony"]
[Black "Linskiy, Oleg"]
[Result "0-1"]
[WhiteElo "2063"]
[BlackElo "2389"]
[PlyCount "70"]
[GameId "2160767911932423"]
[EventDate "1997.07.26"]
[EventType "swiss"]
[EventRounds "9"]
[EventCountry "CAN"]
[SourceTitle "EXT 97"]
[Source "ChessBase"]
[SourceDate "1997.11.17"]
[SourceVersion "1"]
[SourceVersionDate "1997.11.17"]
[SourceQuality "1"]

1. e4 e5 2. Nf3 d6 3. d4 Nf6 4. dxe5 Nxe4 5. Bc4 c6 6. exd6 Bxd6 7. O-O O-O 8. h3 Bf5 9. Be3 Nd7 10. Nc3 Nb6 11. Bxb6 axb6 12. Nd4 Nxc3 13. bxc3 Bg6 14. f4 Be4 15. Qg4 Qf6 16. Rae1 Bd5 17. Bxd5 cxd5 18. Kh1 Rfd8 19. Re2 Rxa2 20. Rfe1 Raa8 21. f5 h6 22. g3 Rac8 23. Nb5 Bf8 24. Kh2 Rc5 25. Rb1 Rc4 26. Qf3 Kh7 27. Rbe1 Rc5 28. Nd4 Rdc8 29. Re3 Bd6 30. Kg2 Rc4 31. h4 Bc5 32. Qxd5 Bxd4 33. cxd4 Rxd4 34. Qe5 Rxc2+ 35. Kh3 Qd8 0-1

[Event "Quebec op"]
[Site "Montreal CAN"]
[Date "1997.07.31"]
[Round "7"]
[White "Leger, Manon"]
[Black "Gladu, Pierre"]
[Result "1/2-1/2"]
[WhiteElo "1865"]
[BlackElo "2099"]
[PlyCount "83"]
[GameId "2160767911932424"]
[EventDate "1997.07.26"]
[EventType "swiss"]
[EventRounds "9"]
[EventCountry "CAN"]
[SourceTitle "EXT 97"]
[Source "ChessBase"]
[SourceDate "1997.11.17"]
[SourceVersion "1"]
[SourceVersionDate "1997.11.17"]
[SourceQuality "1"]

1. e4 c5 2. Nf3 d6 3. d4 cxd4 4. Nxd4 Nf6 5. Nc3 a6 6. Bg5 e6 7. Qd2 Be7 8. f3 Qc7 9. O-O-O Nbd7 10. h4 Ne5 11. h5 h6 12. Be3 Bd7 13. Kb1 b5 14. Bd3 Nc4 15. Bxc4 bxc4 16. g4 Rb8 17. Qe2 Qb7 18. Bc1 Qb4 19. Ka1 Nh7 20. f4 Bd8 21. Rhg1 Ba5 22. Rg3 Rb7 23. g5 hxg5 24. fxg5 Nxg5 25. Nf5 exf5 26. Nd5 Qb5 27. Rxg5 c3 28. Qxb5 Rxb5 29. exf5 Kf8 30. a4 Rb7 31. b3 f6 32. Rg3 Bxf5 33. Kb1 Rxb3+ 34. Ka2 Bxc2 35. Re1 Rxh5 36. Ne3 Rh2 37. Nxc2 Rb7 38. Ba3 Rxc2+ 39. Ka1 Bb4 40. Bxb4 Rxb4 41. a5 Rbb2 42. Re8+ 1/2-1/2

[Event "Quebec op"]
[Site "Montreal CAN"]
[Date "1997.07.31"]
[Round "7"]
[White "Leriche, Felix"]
[Black "Laurain, Guy"]
[Result "1-0"]
[WhiteElo "2005"]
[BlackElo "2138"]
[PlyCount "90"]
[GameId "2160767911932425"]
[EventDate "1997.07.26"]
[EventType "swiss"]
[EventRounds "9"]
[EventCountry "CAN"]
[SourceTitle "EXT 97"]
[Source "ChessBase"]
[SourceDate "1997.11.17"]
[SourceVersion "1"]
[SourceVersionDate "1997.11.17"]
[SourceQuality "1"]

1. e4 c5 2. Nf3 Nc6 3. d4 cxd4 4. Nxd4 Nf6 5. Nc3 d6 6. Bc4 e6 7. Be3 Be7 8. Qe2 a6 9. O-O-O Qc7 10. Bb3 O-O 11. Rhg1 b5 12. g4 Nxd4 13. Bxd4 Nd7 14. g5 Nc5 15. h4 b4 16. Na4 Nxa4 17. Bxa4 e5 18. Be3 Be6 19. Bb3 Bxb3 20. axb3 Rfc8 21. Rd5 Qc6 22. Qd3 a5 23. Kd2 a4 24. bxa4 Qxa4 25. Qb3 Qc6 26. Rc1 Rab8 27. f3 Rb7 28. Ra5 Qd7 29. Qd5 g6 30. Kd3 Kg7 31. h5 gxh5 32. Rh1 Bd8 33. Ra6 Qc7 34. Rh2 Be7 35. f4 exf4 36. Bd4+ Kg8 37. c4 bxc3 38. Bxc3 Qd7 39. Ra5 Qg4 40. Qxb7 Qg3+ 41. Kc2 Qxh2+ 42. Kb3 Re8 43. Ka2 Bf8 44. Qd7 Re6 45. Ra6 Qe2 1-0

[Event "Quebec op"]
[Site "Montreal CAN"]
[Date "1997.07.31"]
[Round "7"]
[White "Leveille, Francois"]
[Black "Burnett, Ronald"]
[Result "1-0"]
[WhiteElo "2326"]
[BlackElo "2445"]
[PlyCount "125"]
[GameId "2160767911932427"]
[EventDate "1997.07.26"]
[EventType "swiss"]
[EventRounds "9"]
[EventCountry "CAN"]
[SourceTitle "EXT 97"]
[Source "ChessBase"]
[SourceDate "1997.11.17"]
[SourceVersion "1"]
[SourceVersionDate "1997.11.17"]
[SourceQuality "1"]

1. d4 Nf6 2. Nf3 e6 3. Bg5 c5 4. e3 d5 5. Nbd2 Nc6 6. c3 h6 7. Bh4 Bd6 8. Bd3 O-O 9. O-O b6 10. dxc5 Bxc5 11. e4 dxe4 12. Nxe4 Be7 13. Nxf6+ Bxf6 14. Bxf6 gxf6 15. Be4 Bb7 16. Nd4 Na5 17. Bxb7 Nxb7 18. Qg4+ Kh8 19. Qh4 Kg7 20. Rad1 Qd5 21. Rd3 Rg8 22. Rg3+ Kf8 23. Qxf6 Nc5 24. c4 Qd7 25. b4 Ne4 26. Qxh6+ Ke7 27. Qh4+ Nf6 28. Nf5+ exf5 29. Re1+ Qe6 30. Rxe6+ fxe6 31. Rxg8 Rxg8 32. f3 e5 33. Qe1 Ke6 34. Qe3 Rd8 35. Qb3 e4 36. c5+ Ke7 37. cxb6 axb6 38. Qc3 Ke6 39. Qc4+ Rd5 40. Kf2 Kd6 41. fxe4 fxe4 42. Ke2 Rg5 43. g3 Nd5 44. Qc8 Rg7 45. Qf8+ Re7 46. h4 Ke5 47. h5 Rc7 48. h6 Rc2+ 49. Ke1 Rc1+ 50. Kd2 Rh1 51. Qg7+ Nf6 52. Qe7+ Kf5 53. g4+ Nxg4 54. Qd7+ Kf4 55. Qf7+ Kg3 56. Qc7+ Kf3 57. h7 e3+ 58. Kc2 Rh3 59. Qf7+ Kg3 60. Qg7 Rh2+ 61. Kd3 e2 62. Kd2 Kf2 63. Qf8+ 1-0

[Event "Quebec op"]
[Site "Montreal CAN"]
[Date "1997.07.31"]
[Round "7"]
[White "Levtchouk, George"]
[Black "Girard, Robin"]
[Result "1-0"]
[WhiteElo "2348"]
[BlackElo "2241"]
[PlyCount "79"]
[GameId "2160767911932428"]
[EventDate "1997.07.26"]
[EventType "swiss"]
[EventRounds "9"]
[EventCountry "CAN"]
[SourceTitle "EXT 97"]
[Source "ChessBase"]
[SourceDate "1997.11.17"]
[SourceVersion "1"]
[SourceVersionDate "1997.11.17"]
[SourceQuality "1"]

1. d4 d5 2. c4 e6 3. cxd5 exd5 4. Nc3 c5 5. Nf3 Nc6 6. Bg5 Be7 7. Bxe7 Ngxe7 8. dxc5 Qa5 9. e3 O-O 10. Be2 Qxc5 11. O-O Bg4 12. Rc1 Qb4 13. Qa4 Rac8 14. Qxb4 Nxb4 15. Rfd1 Rfd8 16. Nd4 Bxe2 17. Ndxe2 g5 18. Rd2 f5 19. Rcd1 Kf7 20. a3 Na6 21. Nb5 Rc5 22. Nec3 Nc7 23. Nd4 h6 24. h4 Rc8 25. f3 Kg6 26. Kf2 Rf8 27. Na4 Ra5 28. Rc2 Na6 29. b3 Rc8 30. Rxc8 Nxc8 31. Rc1 Nb6 32. Nxb6 axb6 33. Rc8 Rxa3 34. h5+ Kxh5 35. Rg8 f4 36. exf4 Ra2+ 37. Kg3 Nc5 38. Kh3 gxf4 39. Nf5 Ne6 40. g4+ 1-0

[Event "Quebec op"]
[Site "Montreal CAN"]
[Date "1997.07.31"]
[Round "7"]
[White "Pineault, Denis"]
[Black "Gagnon, Michel"]
[Result "0-1"]
[WhiteElo "2179"]
[BlackElo "2059"]
[PlyCount "96"]
[GameId "2160767911932429"]
[EventDate "1997.07.26"]
[EventType "swiss"]
[EventRounds "9"]
[EventCountry "CAN"]
[SourceTitle "EXT 97"]
[Source "ChessBase"]
[SourceDate "1997.11.17"]
[SourceVersion "1"]
[SourceVersionDate "1997.11.17"]
[SourceQuality "1"]

1. e4 c5 2. Nf3 d6 3. d4 cxd4 4. Nxd4 Nf6 5. Nc3 a6 6. Be3 e6 7. g3 b5 8. Bg2 Bb7 9. a3 Nbd7 10. Nb3 Rc8 11. O-O Qc7 12. f4 Be7 13. Rf2 O-O 14. g4 Nb6 15. g5 Nfd7 16. Na5 Ba8 17. Qg4 Rfe8 18. h4 Bf8 19. h5 d5 20. e5 Bc5 21. Bxc5 Qxc5 22. Re1 Nc4 23. Nxc4 Qxc4 24. Bf1 Qc7 25. h6 g6 26. Bg2 Nb6 27. Qg3 Nc4 28. Nd1 Qc5 29. Kh2 Rc7 30. Rfe2 a5 31. c3 Rd8 32. Nf2 a4 33. Ng4 Bb7 34. Nf6+ Kh8 35. Qf2 Qc6 36. Rd1 Na5 37. Ne4 Nb3 38. Nd6 Ba6 39. Rc2 Kg8 40. Bf1 Rb8 41. Bg2 Qc5 42. Qe1 Kf8 43. Bf1 Rb6 44. Ne4 dxe4 45. Rd8+ Ke7 46. Rh8 Nd4 47. Qd1 Nf3+ 48. Kh3 Rd7 0-1

[Event "Quebec op"]
[Site "Montreal CAN"]
[Date "1997.07.31"]
[Round "7"]
[White "Rashev, Nick"]
[Black "Landry, Sylvain"]
[Result "1/2-1/2"]
[WhiteElo "2015"]
[BlackElo "1981"]
[PlyCount "104"]
[GameId "2160767911932431"]
[EventDate "1997.07.26"]
[EventType "swiss"]
[EventRounds "9"]
[EventCountry "CAN"]
[SourceTitle "EXT 97"]
[Source "ChessBase"]
[SourceDate "1997.11.17"]
[SourceVersion "1"]
[SourceVersionDate "1997.11.17"]
[SourceQuality "1"]

1. d4 Nf6 2. Nf3 g6 3. c4 Bg7 4. g3 O-O 5. Bg2 d6 6. O-O Nc6 7. d5 Na5 8. Nbd2 c5 9. e4 a6 10. Rb1 b5 11. b3 Rb8 12. b4 Nxc4 13. bxc5 Nxd2 14. Nxd2 dxc5 15. f4 e6 16. Qc2 exd5 17. Qxc5 dxe4 18. Nb3 Bf5 19. Bb2 e3 20. Rbe1 Bd3 21. Rf3 Rc8 22. Qxe3 Bf5 23. h3 Nd5 24. Qf2 Bxb2 25. Qxb2 Rc2 26. Qd4 Qb6 27. Rf2 Rxf2 28. Kxf2 Qxd4+ 29. Nxd4 Nb4 30. Re2 Nd3+ 31. Kg1 Nc1 32. Rb2 Bd3 33. Bb7 Rd8 34. Nc6 Rd6 35. Nb4 Bc4 36. Bxa6 Rd1+ 37. Kh2 Ne2 38. Bb7 Rf1 39. Bg2 Ra1 40. Bd5 Nd4 41. Be4 Re1 42. Bg2 h5 43. Nc6 Ne2 44. h4 Nc3 45. Nb4 Ne4 46. Nc6 Nc3 47. Nb4 Ne4 48. Nc6 Nf6 49. Ne5 Ng4+ 50. Nxg4 hxg4 51. Bc6 Ra1 52. Kg2 Rxa2 1/2-1/2

[Event "Quebec op"]
[Site "Montreal CAN"]
[Date "1997.07.31"]
[Round "7"]
[White "Reeve, Jeff"]
[Black "Oparic, Ivan"]
[Result "1-0"]
[WhiteElo "2180"]
[BlackElo "2038"]
[PlyCount "109"]
[GameId "2160767911932432"]
[EventDate "1997.07.26"]
[EventType "swiss"]
[EventRounds "9"]
[EventCountry "CAN"]
[SourceTitle "EXT 97"]
[Source "ChessBase"]
[SourceDate "1997.11.17"]
[SourceVersion "1"]
[SourceVersionDate "1997.11.17"]
[SourceQuality "1"]

1. e4 Nf6 2. e5 Nd5 3. d4 d6 4. Nf3 Bg4 5. c4 Nb6 6. exd6 exd6 7. Nc3 Be7 8. Be2 O-O 9. O-O Re8 10. b3 Bf6 11. Be3 Nc6 12. Qd2 d5 13. c5 Nc8 14. Rfe1 N8e7 15. h3 Be6 16. b4 Nf5 17. b5 Na5 18. Bf4 b6 19. Rad1 h6 20. Ne5 Bg5 21. Bxg5 Qxg5 22. g4 Qxd2 23. Rxd2 Nh4 24. c6 f6 25. Nd3 Nc4 26. Rdd1 g5 27. Nb4 Rad8 28. Kf1 Na5 29. Bd3 Kf7 30. Re3 Ng6 31. Bxg6+ Kxg6 32. Nbxd5 Nc4 33. Rxe6 Rxe6 34. Nxc7 Re7 35. N7d5 Rf7 36. c7 Rc8 37. Ne4 f5 38. gxf5+ Kxf5 39. Nec3 Kg6 40. Kg2 Nd6 41. Re1 Nf5 42. Re4 Kg7 43. a4 Rcf8 44. f4 Rc8 45. Kf3 gxf4 46. Ne2 Nh4+ 47. Kf2 Ng6 48. Kf3 Nh4+ 49. Kg4 Ng6 50. Nexf4 Nxf4 51. Nxf4 Kh7 52. Ne6 Rg8+ 53. Kh5 Re7 54. Rg4 Rc8 55. Rg6 1-0

[Event "Quebec op"]
[Site "Montreal CAN"]
[Date "1997.07.31"]
[Round "7"]
[White "Roy, Alain"]
[Black "Groleau, Gilles"]
[Result "1-0"]
[WhiteElo "2162"]
[BlackElo "1995"]
[PlyCount "71"]
[GameId "2160767911932433"]
[EventDate "1997.07.26"]
[EventType "swiss"]
[EventRounds "9"]
[EventCountry "CAN"]
[SourceTitle "EXT 97"]
[Source "ChessBase"]
[SourceDate "1997.11.17"]
[SourceVersion "1"]
[SourceVersionDate "1997.11.17"]
[SourceQuality "1"]

1. c4 Nf6 2. Nc3 c5 3. g3 Nc6 4. Bg2 g6 5. e4 e5 6. d3 Bg7 7. Nge2 O-O 8. O-O d6 9. f4 Bg4 10. h3 Bxe2 11. Nxe2 Nd4 12. f5 Nxe2+ 13. Qxe2 a6 14. g4 b5 15. g5 Nd7 16. f6 Bh8 17. h4 h5 18. Kh1 Re8 19. Be3 Ra7 20. Bh3 Rb7 21. b3 Kh7 22. Rg1 a5 23. Raf1 a4 24. Bf5 Nf8 25. Qxh5+ Kg8 26. Qf3 axb3 27. axb3 bxc4 28. bxc4 Rb3 29. Qd1 Qb6 30. Bg4 Ra8 31. h5 Raa3 32. Be2 gxh5 33. Bc1 Ra1 34. Bxh5 Rbb1 35. Bxf7+ Kxf7 36. Qh5+ 1-0

[Event "Quebec op"]
[Site "Montreal CAN"]
[Date "1997.07.31"]
[Round "7"]
[White "Schleifer, Michael"]
[Black "Hua, Lefong"]
[Result "1-0"]
[WhiteElo "2327"]
[BlackElo "2211"]
[PlyCount "87"]
[GameId "2160767911932434"]
[EventDate "1997.07.26"]
[EventType "swiss"]
[EventRounds "9"]
[EventCountry "CAN"]
[SourceTitle "EXT 97"]
[Source "ChessBase"]
[SourceDate "1997.11.17"]
[SourceVersion "1"]
[SourceVersionDate "1997.11.17"]
[SourceQuality "1"]

1. d4 Nf6 2. c4 g6 3. Nc3 Bg7 4. Bg5 O-O 5. e3 d6 6. Nf3 Na6 7. h3 c5 8. Bd3 cxd4 9. exd4 Be6 10. O-O Rc8 11. d5 Bd7 12. Re1 Nc5 13. Bf1 b6 14. Rc1 Re8 15. b4 Nb7 16. Nd4 Qc7 17. Qd2 Qb8 18. Re3 h6 19. Bf4 Nh5 20. Bh2 e5 21. dxe6 fxe6 22. Ndb5 e5 23. Ne4 Bxb5 24. Qd5+ Kh8 25. Qxb5 Nf4 26. Rd1 Re7 27. Nc3 Ne6 28. Qd5 Rce8 29. Qe4 Nf8 30. Rf3 Nd8 31. Nb5 Nde6 32. Qc6 a6 33. Nxd6 Rd8 34. Rfd3 Rc7 35. Qe4 Ng5 36. Qe3 Re7 37. h4 Nge6 38. Bxe5 Bxe5 39. Qxe5+ Kh7 40. Qf6 Rdd7 41. h5 Ng7 42. hxg6+ Nxg6 43. Ne4 Rxd3 44. Bxd3 1-0

[Event "Quebec op"]
[Site "Montreal CAN"]
[Date "1997.08.01"]
[Round "8"]
[White "Bergeron, Florian"]
[Black "Groleau, Gilles"]
[Result "0-1"]
[WhiteElo "2095"]
[BlackElo "1995"]
[PlyCount "92"]
[GameId "2160767911932436"]
[EventDate "1997.07.26"]
[EventType "swiss"]
[EventRounds "9"]
[EventCountry "CAN"]
[SourceTitle "EXT 97"]
[Source "ChessBase"]
[SourceDate "1997.11.17"]
[SourceVersion "1"]
[SourceVersionDate "1997.11.17"]
[SourceQuality "1"]

1. d4 Nf6 2. Nf3 e6 3. c4 b6 4. Nc3 Bb7 5. g3 Be7 6. Bg2 O-O 7. O-O Ne4 8. d5 Nxc3 9. bxc3 d6 10. Nd4 e5 11. Nf5 Nd7 12. e4 Bf6 13. h4 g6 14. Nh6+ Kh8 15. h5 Bg5 16. hxg6 hxg6 17. Bh3 Nc5 18. Qf3 Kg7 19. Ng4 Rh8 20. Bg2 Bxc1 21. Rfxc1 Qg5 22. Qe2 f5 23. exf5 gxf5 24. Nh2 e4 25. Nf1 Nd3 26. Rc2 Rae8 27. Qe3 Qxe3 28. Nxe3 f4 29. gxf4 Nxf4 30. Nf5+ Kf6 31. Ng3 Nxg2 32. Kxg2 Ba6 33. c5 Bd3 34. Rd2 bxc5 35. Rb2 Rb8 36. Rxb8 Rxb8 37. Rh1 Rb2 38. Nh5+ Kg5 39. Kg3 Rb1 40. Rxb1 Bxb1 41. Ng7 Bxa2 42. Ne6+ Kf5 43. Nxc7 Ke5 44. f4+ exf3 45. Kxf3 Bxd5+ 46. Ke3 Bc4 0-1

[Event "Quebec op"]
[Site "Montreal CAN"]
[Date "1997.08.01"]
[Round "8"]
[White "Castaneda, Nelson"]
[Black "Vera, Reynaldo"]
[Result "0-1"]
[WhiteElo "2382"]
[BlackElo "2530"]
[PlyCount "77"]
[GameId "2160767911932437"]
[EventDate "1997.07.26"]
[EventType "swiss"]
[EventRounds "9"]
[EventCountry "CAN"]
[SourceTitle "EXT 97"]
[Source "ChessBase"]
[SourceDate "1997.11.17"]
[SourceVersion "1"]
[SourceVersionDate "1997.11.17"]
[SourceQuality "1"]

1. e4 c5 2. Nf3 d6 3. d4 cxd4 4. Nxd4 Nf6 5. Nc3 a6 6. Bg5 e6 7. f4 Nbd7 8. Qf3 Qc7 9. O-O-O b5 10. Bd3 Bb7 11. Kb1 Be7 12. f5 e5 13. Nb3 b4 14. Bxf6 Bxf6 15. Nd5 Bxd5 16. exd5 O-O 17. g4 a5 18. Nd2 e4 19. Nxe4 Be5 20. f6 Bxf6 21. Nxf6+ Nxf6 22. g5 Nd7 23. Qe4 f5 24. gxf6 Nxf6 25. Qh4 Rae8 26. Rhg1 Re5 27. Rg5 Rxg5 28. Qxg5 Re8 29. Qh4 Re5 30. Qd4 Kh8 31. Rf1 Qe7 32. c4 g6 33. Kc2 Kg7 34. a3 h6 35. axb4 Re2+ 36. Kb3 Rxh2 37. Ka4 Rg2 38. Bb1 axb4 39. Bc2 0-1

[Event "Quebec op"]
[Site "Montreal CAN"]
[Date "1997.08.01"]
[Round "8"]
[White "Gagnon, Michel"]
[Black "Wenaas, Eric"]
[Result "1/2-1/2"]
[WhiteElo "2059"]
[BlackElo "2133"]
[PlyCount "30"]
[GameId "2160767911932441"]
[EventDate "1997.07.26"]
[EventType "swiss"]
[EventRounds "9"]
[EventCountry "CAN"]
[SourceTitle "EXT 97"]
[Source "ChessBase"]
[SourceDate "1997.11.17"]
[SourceVersion "1"]
[SourceVersionDate "1997.11.17"]
[SourceQuality "1"]

1. d4 d5 2. e3 Nf6 3. Bd3 e6 4. Nd2 c5 5. c3 Bd6 6. Ngf3 Nbd7 7. O-O O-O 8. Qe2 Qc7 9. h3 e5 10. dxe5 Nxe5 11. Nxe5 Bxe5 12. e4 Be6 13. exd5 Bxd5 14. Nc4 Bf4 15. Bxf4 Qxf4 1/2-1/2

[Event "Quebec op"]
[Site "Montreal CAN"]
[Date "1997.08.01"]
[Round "8"]
[White "Girard, Robin"]
[Black "Pnevmonidis, Pantelis"]
[Result "1/2-1/2"]
[WhiteElo "2241"]
[BlackElo "1991"]
[PlyCount "82"]
[GameId "2160767911932442"]
[EventDate "1997.07.26"]
[EventType "swiss"]
[EventRounds "9"]
[EventCountry "CAN"]
[SourceTitle "EXT 97"]
[Source "ChessBase"]
[SourceDate "1997.11.17"]
[SourceVersion "1"]
[SourceVersionDate "1997.11.17"]
[SourceQuality "1"]

1. e4 c5 2. Nf3 e6 3. d4 cxd4 4. Nxd4 a6 5. Nc3 Qc7 6. Bd3 Nf6 7. O-O Nc6 8. Nxc6 bxc6 9. Qe2 d6 10. Na4 Be7 11. c4 O-O 12. f4 Bb7 13. Rf3 c5 14. Rh3 d5 15. e5 Ne4 16. Nc3 Qc6 17. Qh5 h6 18. Bxe4 dxe4 19. Be3 f5 20. Rg3 Kh8 21. Qg6 Rg8 22. Rh3 Rgf8 23. g4 Qe8 24. gxf5 Rxf5 25. Rg3 Bf8 26. Rd1 Bc6 27. Qg4 Rd8 28. Rg2 Rf7 29. Rxd8 Qxd8 30. Qxe6 Rd7 31. h3 Bb7 32. f5 Rd3 33. Bxh6 Rxh3 34. Bxg7+ Bxg7 35. Nd5 Bxd5 36. cxd5 Bh6 37. Rg6 Be3+ 38. Kg2 Rh2+ 39. Kxh2 Qh4+ 40. Kg2 Qf2+ 41. Kh3 Qf3+ 1/2-1/2

[Event "Quebec op"]
[Site "Montreal CAN"]
[Date "1997.08.01"]
[Round "8"]
[White "Gladu, Pierre"]
[Black "Desjardins, Andre"]
[Result "1/2-1/2"]
[WhiteElo "2099"]
[BlackElo "2055"]
[PlyCount "127"]
[GameId "2160767911932443"]
[EventDate "1997.07.26"]
[EventType "swiss"]
[EventRounds "9"]
[EventCountry "CAN"]
[SourceTitle "EXT 97"]
[Source "ChessBase"]
[SourceDate "1997.11.17"]
[SourceVersion "1"]
[SourceVersionDate "1997.11.17"]
[SourceQuality "1"]

1. e4 c5 2. Nf3 Nc6 3. d4 cxd4 4. Nxd4 Nf6 5. Nc3 e5 6. Ndb5 d6 7. Bg5 a6 8. Na3 b5 9. Nd5 Be7 10. Bxf6 Bxf6 11. c3 Ne7 12. Nxf6+ gxf6 13. Nc2 Bb7 14. Bd3 d5 15. Qe2 dxe4 16. Bxe4 Bxe4 17. Qxe4 Qd5 18. Qxd5 Nxd5 19. O-O Ke7 20. Rfd1 Rhd8 21. Kf1 Rab8 22. g3 f5 23. Ke2 f4 24. Rd2 Rb6 25. Rad1 Rbd6 26. a4 fxg3 27. hxg3 bxa4 28. c4 Nb6 29. Ne3 Rxd2+ 30. Rxd2 Rxd2+ 31. Kxd2 Kd6 32. Kc3 Kc5 33. f3 h5 34. Nf5 Nxc4 35. Ng7 Nd6 36. Nxh5 Nb5+ 37. Kd3 a3 38. bxa3 Nxa3 39. Nf6 Nc4 40. Ne4+ Kb4 41. f4 exf4 42. gxf4 a5 43. Kc2 Ne3+ 44. Kb2 Nd5 45. f5 a4 46. f6 a3+ 47. Ka1 Kb3 48. Nc5+ Kc4 49. Ne4 Nb4 50. Kb1 Kd4 51. Nd6 Kd5 52. Nb5 a2+ 53. Kb2 Ke5 54. Ka1 Ke6 55. Kb2 Kd5 56. Nc7+ Ke5 57. Nb5 Nd5 58. Kxa2 Nxf6 59. Kb2 Nd5 60. Kc2 f5 61. Kd2 f4 62. Ke2 Nf6 63. Nc3 Kd4 64. Kf3 1/2-1/2

[Event "Quebec op"]
[Site "Montreal CAN"]
[Date "1997.08.01"]
[Round "8"]
[White "Goldenberg, Danny"]
[Black "Leveille, Francois"]
[Result "0-1"]
[WhiteElo "2272"]
[BlackElo "2326"]
[PlyCount "78"]
[GameId "2160767911932444"]
[EventDate "1997.07.26"]
[EventType "swiss"]
[EventRounds "9"]
[EventCountry "CAN"]
[SourceTitle "EXT 97"]
[Source "ChessBase"]
[SourceDate "1997.11.17"]
[SourceVersion "1"]
[SourceVersionDate "1997.11.17"]
[SourceQuality "1"]

1. e4 e5 2. Nf3 Nc6 3. Bc4 d6 4. c3 Bg4 5. d3 Na5 6. Qa4+ c6 7. Bxf7+ Kxf7 8. b4 Bxf3 9. gxf3 Qf6 10. Ke2 d5 11. Nd2 Bd6 12. Qxa5 Ne7 13. exd5 cxd5 14. Bb2 Rhf8 15. Rae1 Kg8 16. Kd1 Kh8 17. Qa4 Qf5 18. c4 dxc4 19. dxc4 Rfd8 20. a3 a5 21. Qb3 axb4 22. axb4 Nc6 23. c5 Bxc5 24. bxc5 Na5 25. Qc3 Rd3 26. Qxe5 Rxd2+ 27. Kxd2 Rd8+ 28. Qd6 Nc4+ 29. Kc3 Nxd6 30. cxd6 Qc5+ 31. Kb3 Qd5+ 32. Kc2 Rc8+ 33. Bc3 Qa2+ 34. Kd3 Qc4+ 35. Ke3 Qxc3+ 36. Kf4 Qf6+ 37. Kg4 Rf8 38. Re3 Qxd6 39. Rhe1 Qxh2 0-1

[Event "Quebec op"]
[Site "Montreal CAN"]
[Date "1997.08.01"]
[Round "8"]
[White "Ibrahim, Anthony"]
[Black "Burnett, Ronald"]
[Result "1-0"]
[WhiteElo "2063"]
[BlackElo "2445"]
[PlyCount "52"]
[GameId "2160767911932446"]
[EventDate "1997.07.26"]
[EventType "swiss"]
[EventRounds "9"]
[EventCountry "CAN"]
[SourceTitle "EXT 97"]
[Source "ChessBase"]
[SourceDate "1997.11.17"]
[SourceVersion "1"]
[SourceVersionDate "1997.11.17"]
[SourceQuality "1"]

1. d4 Nf6 2. Nf3 d6 3. Bg5 Nbd7 4. Nbd2 g6 5. e4 Bg7 6. Bd3 e5 7. dxe5 dxe5 8. Nc4 O-O 9. Qd2 Qe8 10. O-O-O b5 11. Bxf6 Nxf6 12. Ncxe5 c5 13. c4 Bb7 14. Rhe1 Rd8 15. Qe3 bxc4 16. Bxc4 Rxd1+ 17. Rxd1 Bxe4 18. Nxf7 Rxf7 19. Ng5 Bh6 20. f4 Bxg5 21. fxg5 Ng4 22. Qe2 h5 23. Rf1 Qe5 24. Rxf7 Qxg5+ 25. Rf4+ Bd5 26. Qe8+ Kg7 1-0

[Event "Quebec op"]
[Site "Montreal CAN"]
[Date "1997.08.01"]
[Round "8"]
[White "Landry, Sylvain"]
[Black "Laurain, Guy"]
[Result "0-1"]
[WhiteElo "1981"]
[BlackElo "2138"]
[PlyCount "78"]
[GameId "2160767911932447"]
[EventDate "1997.07.26"]
[EventType "swiss"]
[EventRounds "9"]
[EventCountry "CAN"]
[SourceTitle "EXT 97"]
[Source "ChessBase"]
[SourceDate "1997.11.17"]
[SourceVersion "1"]
[SourceVersionDate "1997.11.17"]
[SourceQuality "1"]

1. e4 c5 2. Nc3 Nc6 3. g3 g6 4. Bg2 Bg7 5. d3 e6 6. f4 d6 7. Nf3 Nge7 8. O-O O-O 9. Be3 b6 10. d4 Bb7 11. g4 e5 12. d5 Nd4 13. f5 f6 14. Ne1 Ba6 15. Rf2 Rf7 16. Nb1 Nb5 17. h4 gxf5 18. exf5 Nc7 19. Be4 Qd7 20. Nc3 b5 21. Ne2 Bb7 22. c4 bxc4 23. Nc3 Kh8 24. Ng2 Rg8 25. g5 fxg5 26. f6 Rxf6 27. Rxf6 Bxf6 28. Bxh7 Rg7 29. Qf3 Kxh7 30. hxg5 Bxg5 31. Qh5+ Kg8 32. Bxg5 Ncxd5 33. Ne4 Ng6 34. Rf1 Qe6 35. Qf3 Ngf4 36. Bxf4 Nxf4 37. Rf2 Qg6 38. Kf1 Bxe4 39. Nxf4 Qg1+ 0-1

[Event "Quebec op"]
[Site "Montreal CAN"]
[Date "1997.08.01"]
[Round "8"]
[White "Linskiy, Oleg"]
[Black "Hua, Lefong"]
[Result "1-0"]
[WhiteElo "2389"]
[BlackElo "2211"]
[PlyCount "53"]
[GameId "2160767911932449"]
[EventDate "1997.07.26"]
[EventType "swiss"]
[EventRounds "9"]
[EventCountry "CAN"]
[SourceTitle "EXT 97"]
[Source "ChessBase"]
[SourceDate "1997.11.17"]
[SourceVersion "1"]
[SourceVersionDate "1997.11.17"]
[SourceQuality "1"]

1. e4 c5 2. Nf3 d6 3. d4 cxd4 4. Nxd4 Nf6 5. Nc3 g6 6. Be3 Bg7 7. f3 Nc6 8. Qd2 O-O 9. Bc4 Bd7 10. O-O-O Ne5 11. Bb3 Rc8 12. h4 h5 13. Bg5 Rc5 14. Kb1 Re8 15. Rhe1 Qa5 16. f4 Neg4 17. e5 dxe5 18. Bxf7+ Kxf7 19. Nb3 Qc7 20. Nxc5 Qxc5 21. Bxf6 Bxf6 22. Qxd7 Ne3 23. fxe5 Nxd1 24. Ne4 Nc3+ 25. Nxc3 Qf2 26. Rd1 Bxe5 27. Qd5+ 1-0